000 01321cam a2200241 4500
001 ABS68094
008 040901n2004 000 0 eng u
035 _a(Sirsi) u127231
110 _aDavis Langdon and Everest
_91155
245 _aTender price forecast
260 _c2004
490 _aBuilding
_v269(8345) 13 August 2004, 52-54(2)
520 _aGives a general outlook for the construction market. Reports that there are some very positive signs such as the economy growing at its fastest rate for four years and construction output statistics for the first quarter of 2004 showing an adjusted figure of 9% growth since the same period last year. Mentions some remaining problems such as the industry facing underlying cost inflation greater than for some time which has made construction price inflation double that of general inflation over the past year. Notes how London has bucked this general trend with tender prices having increased at a lower rate than the Retail Price Index; this is due to the decline in the construction workload in London.
590 _aABS
590 _aABS
650 _aTENDER PRICE FORECAST
650 _aOFFICE MARKET
650 _aECONOMY
650 _aCONSTRUCTION ORDERS
650 _aCOST TRENDS
690 _aBUILDING AND CONSTRUCTION-ECONOMICS
942 _n0
999 _c117932
_d117932